000 01613nam a2200493 c 4500
001 53156
003 ES-MaCES
005 20250203133004.0
008 240426s2023 sp 000 ||spa d
017 _aV 3193-2023
_bDL
020 _a9788411830959
040 _aES-MaCES
_bspa
_cES-MaCES
245 0 0 _aInteligencia artificial, periodismo y democracia
_cTamara Vázquez Barrio, Idoia Salazar García (eds.)
260 _aValencia
_bTirant Humanidades
_c2023
300 _a325 p.
_c24 cm
490 1 _aPlural
504 _aBibliografía
541 _cCompra
650 4 _ainteligencia artificial
_930166
650 4 _atecnología de la información
_930104
650 4 _aInternet
_930572
650 4 _acambio tecnológico
_928236
650 4 _aevaluación del impacto
_930732
650 4 _amedios de comunicación de masas
_927878
650 4 _adifusión de la información
_928915
650 4 _aperiodista
_928483
650 4 _aprensa
_927880
650 4 _ademocracia
_927175
650 4 _apoder político
_927200
650 4 _aopinión pública
_927247
650 4 _asistema de valores
_929392
650 4 _aEspaña
_926964
650 4 _aUE
_926752
650 4 _apolítica de información
_929434
650 4 _aprotección de los datos
_929496
650 4 _amecanismo de control
_929918
650 4 _ateoría de la información
_928882
653 1 0 _aTransporte-Comunicaciones
700 1 _941020
_aVázquez Barrio, Tamara
_eed. lit.
700 1 _941021
_aSalazar García, Idoia
_eed. lit.
830 0 _936323
_aColección Plural
902 _aLIB Libro
942 _2CES
_cBK
_h5.2.
999 _c53156
_d53156